[Event "Benidorm 2010 - Nuevas Generaciones s16"]
[Site "Benidorm ESP"]
[Date "2010.12.07"]
[Round "6.7"]
[White "Segura Santos, Luis"]
[Black "Pozanco Romasanta, Marc"]
[Result "1-0"]
[WhiteElo "1830"]
[BlackElo "1935"]
[PlyCount "85"]
[EventDate "2010.12.04"]
[EventType "swiss"]
[EventRounds "7"]
[EventCountry "ESP"]
[Source "lmi"]
[SourceDate "2010.12.04"]

1. e4 e6 2. d4 c5 3. Nf3 cxd4 4. Nxd4 Bc5 5. Nb3 Bb6 6. Bd3 Nc6 7. Nc3 Nge7 8.
O-O O-O 9. Na4 Bc7 10. f4 f5 11. e5 b6 12. Nc3 d6 13. exd6 Bxd6 14. Bc4 Rf6 15.
Nb5 Bb8 16. Qe2 a6 17. Rd1 Nd5 18. Nc3 Nce7 19. Be3 Bb7 20. Nxd5 Nxd5 21. Bxd5
exd5 22. Bd4 Rg6 23. Qf2 Bc7 24. a4 a5 25. Nc1 Qf8 26. Nd3 Re8 27. Be5 Bxe5 28.
Nxe5 Rge6 29. Ra3 Qc5 30. Rc3 Qxf2+ 31. Kxf2 g5 32. g3 Rh6 33. Rc7 Ba8 34. Kg2
gxf4 35. gxf4 Rh4 36. Rd3 Rg4+ 37. Nxg4 fxg4 38. Kf2 Rd8 39. Rdc3 Rf8 40. Rc8
Bb7 41. Rxf8+ Kxf8 42. Rc7 Ba6 43. Ra7 1-0

[Event "Benidorm 2010 - Nuevas Generaciones s16"]
[Site "Benidorm ESP"]
[Date "2010.12.07"]
[Round "6.8"]
[White "Iglesias Garcia, Jorge"]
[Black "Rivas Perez, Jorge"]
[Result "0-1"]
[WhiteElo "1918"]
[BlackElo "1717"]
[PlyCount "134"]
[EventDate "2010.12.04"]
[EventType "swiss"]
[EventRounds "7"]
[EventCountry "ESP"]
[Source "lmi"]
[SourceDate "2010.12.04"]

1. d4 Nf6 2. c4 d6 3. Nc3 g6 4. Nf3 Bg7 5. Bf4 O-O 6. e3 Bf5 7. Bd3 Bxd3 8.
Qxd3 Nc6 9. O-O Nd7 10. Rad1 e5 11. dxe5 Ncxe5 12. Nxe5 Nxe5 13. Bxe5 Bxe5 14.
f4 Bg7 15. e4 Re8 16. Nd5 c6 17. Nc3 Qb6+ 18. Rf2 Bxc3 19. bxc3 Rad8 20. Kf1
Re7 21. f5 Rde8 22. Re1 d5 23. cxd5 cxd5 24. Rfe2 dxe4 25. Rxe4 Rxe4 26. Rxe4
Rxe4 27. Qxe4 Qb5+ 28. Ke1 Qxf5 29. Qxb7 Qe6+ 30. Kf1 Qc4+ 31. Kg1 Qxc3 32. h3
Qa1+ 33. Kh2 Qxa2 34. Qb8+ Kg7 35. Qe5+ f6 36. Qe7+ Qf7 37. Qc5 Qb7 38. Qa5
Qb8+ 39. Kh1 Qb6 40. Qa4 Qc7 41. Qa6 h5 42. Qb5 a5 43. Qa4 g5 44. Qb5 a4 45.
Qxa4 Qc1+ 46. Kh2 Qf4+ 47. Qxf4 gxf4 48. Kg1 Kg6 49. Kf2 Kg5 50. Ke2 Kf5 51.
Kf3 h4 52. Kf2 Ke4 53. Ke2 f3+ 54. gxf3+ Kf4 55. Kf2 f5 56. Ke2 Kg3 57. f4 Kxf4
58. Kf2 Ke4 59. Ke2 f4 60. Kf2 f3 61. Kf1 Kf5 62. Ke1 Ke5 63. Kf1 Ke4 64. Ke1
Ke3 65. Kf1 f2 66. Kg2 Ke2 67. Kh2 Ke1 0-1

[Event "Benidorm 2010 - Nuevas Generaciones s16"]
[Site "Benidorm ESP"]
[Date "2010.12.07"]
[Round "6.9"]
[White "Laiz, Ibanez Hector"]
[Black "Suarez Uriel, Adrian"]
[Result "0-1"]
[WhiteElo "1767"]
[BlackElo "2215"]
[PlyCount "94"]
[EventDate "2010.12.04"]
[EventType "swiss"]
[EventRounds "7"]
[EventCountry "ESP"]
[Source "lmi"]
[SourceDate "2010.12.04"]

1. e4 c5 2. Nf3 g6 3. c3 d5 4. exd5 Qxd5 5. d4 Bg7 6. dxc5 Qxd1+ 7. Kxd1 Nf6 8.
Bd3 Nbd7 9. Be3 Ng4 10. Bb5 Nxe3+ 11. fxe3 O-O 12. c6 bxc6 13. Bxc6 Rb8 14. Kc2
Nc5 15. Nbd2 Rb6 16. Bd5 Rd8 17. e4 Ba6 18. Rae1 Nd3 19. Rb1 Nf2 20. Nc4 Rxd5
21. Nxb6 Bd3+ 22. Kd2 Nxe4+ 23. Ke1 axb6 24. Rd1 Bh6 25. c4 Bxc4 26. Rxd5 Bxd5
27. b3 Bb7 28. Ne5 Ba6 29. Nc4 b5 30. Nb6 Nc3 31. Kf2 Bg7 32. Nd7 Bd4+ 33. Kg3
Bc8 34. Nb8 Be5+ 35. Kh4 Bxb8 36. Rc1 b4 37. a3 Bf4 38. Rc2 Bf5 39. Rf2 g5+ 40.
Kh5 Bg6+ 41. Kh6 Bc1 42. g4 bxa3 43. Rf1 Bf4 44. Re1 Ne4 45. Rd1 Nd6 46. Rd5 f6
47. Rxd6 Bxd6 0-1

[Event "Benidorm 2010 - Nuevas Generaciones s16"]
[Site "Benidorm ESP"]
[Date "2010.12.07"]
[Round "6.10"]
[White "Buch Prades, Joan"]
[Black "Villar Arino, Victor"]
[Result "1-0"]
[WhiteElo "1969"]
[BlackElo "1754"]
[PlyCount "64"]
[EventDate "2010.12.04"]
[EventType "swiss"]
[EventRounds "7"]
[EventCountry "ESP"]
[Source "lmi"]
[SourceDate "2010.12.04"]

1. d4 d5 2. c4 c6 3. Nf3 Bf5 4. cxd5 Qxd5 5. Nc3 Qd8 6. e4 Bg6 7. Bc4 e6 8. O-O
Bb4 9. Qe2 Nd7 10. d5 e5 11. dxc6 bxc6 12. Rd1 Qc7 13. Nh4 Ne7 14. Nxg6 fxg6
15. Bg5 Bxc3 16. bxc3 Nb6 17. Be6 h6 18. Be3 Rf8 19. Bxb6 axb6 20. Bd7+ Qxd7
21. Rxd7 Kxd7 22. Qg4+ Kc7 23. Qe6 Ng8 24. Qxe5+ Kb7 25. Qxg7+ Ka6 26. Qxg6 Rf6
27. Qg3 Raf8 28. Rb1 Ne7 29. Qd3+ b5 30. a4 Rb8 31. axb5+ cxb5 32. Ra1+ Kb7 1-0

[Event "Benidorm 2010 - Nuevas Generaciones s16"]
[Site "Benidorm ESP"]
[Date "2010.12.08"]
[Round "7.1"]
[White "Anton Guijarro, David"]
[Black "Salido Polo, Veronica"]
[Result "1-0"]
[WhiteElo "2421"]
[BlackElo "2023"]
[PlyCount "58"]
[EventDate "2010.12.04"]
[EventType "swiss"]
[EventRounds "7"]
[EventCountry "ESP"]
[Source "lmi"]
[SourceDate "2010.12.04"]

1. d4 Nf6 2. Nf3 g6 3. Bg5 Bg7 4. Nbd2 d6 5. e4 O-O 6. Bd3 Nbd7 7. O-O c5 8. c3
Rb8 9. a4 b6 10. h3 Ne8 11. b4 h6 12. Bh4 Nc7 13. Bg3 Bb7 14. Rc1 Qe8 15. Qe2
f5 16. exf5 gxf5 17. Rfe1 f4 18. Bh4 e5 19. dxe5 dxe5 20. Ne4 Qe6 21. Bb1 Kh8
22. Rcd1 Nd5 23. bxc5 bxc5 24. Ba2 Bf6 25. Bxd5 Bxd5 26. c4 Bc6 27. Nxf6 Rxf6
28. Bxf6+ Nxf6 29. Nxe5 Qf5 1-0

[Event "Benidorm 2010 - Nuevas Generaciones s16"]
[Site "Benidorm ESP"]
[Date "2010.12.08"]
[Round "7.2"]
[White "Vazquez Torres, Adrian"]
[Black "Pardo Simon, David"]
[Result "0-1"]
[WhiteElo "2166"]
[BlackElo "2369"]
[PlyCount "28"]
[EventDate "2010.12.04"]
[EventType "swiss"]
[EventRounds "7"]
[EventCountry "ESP"]
[Source "lmi"]
[SourceDate "2010.12.04"]

1. e4 e5 2. Nf3 Nc6 3. Bb5 f5 4. Qe2 fxe4 5. Bxc6 dxc6 6. Qxe4 Bd6 7. Nxe5 Nf6
8. Qe3 O-O 9. O-O Nd5 10. Qd4 Rf5 11. Qd3 Bxe5 12. c4 Bf4 13. Qe2 Re5 14. Qf3
Nb4 0-1

[Event "Benidorm 2010 - Nuevas Generaciones s16"]
[Site "Benidorm ESP"]
[Date "2010.12.08"]
[Round "7.3"]
[White "Galvan Prieto, Albano"]
[Black "Balaguer Camps, Marc"]
[Result "0-1"]
[WhiteElo "1835"]
[BlackElo "2081"]
[PlyCount "148"]
[EventDate "2010.12.04"]
[EventType "swiss"]
[EventRounds "7"]
[EventCountry "ESP"]
[Source "lmi"]
[SourceDate "2010.12.04"]

1. e4 c5 2. Nf3 e6 3. c3 d5 4. exd5 Qxd5 5. d4 Nf6 6. Be2 Be7 7. O-O O-O 8.
dxc5 Qxc5 9. Be3 Qc7 10. h3 Nc6 11. Qc1 e5 12. Nh2 Nd5 13. Bf3 Nxe3 14. Qxe3
Bd6 15. Be4 Be6 16. Rd1 f5 17. Bd5 Bxd5 18. Rxd5 e4 19. Nf1 Ne7 20. Rd1 Bc5 21.
Qe2 Kh8 22. b4 Bd6 23. Na3 a6 24. Nc4 Bf4 25. g3 Bg5 26. a4 Rac8 27. Nd6 Rcd8
28. Qc4 Nc6 29. h4 Bh6 30. Nxf5 Rxf5 31. b5 Rdf8 32. bxc6 Rxf2 33. Qxe4 bxc6
34. Rab1 R2f3 35. Rd3 Qa7+ 36. Qd4 Qxd4+ 37. Rxd4 Rxc3 38. Rd6 Kg8 39. Rd4
Rxg3+ 40. Nxg3 Be3+ 41. Kg2 Bxd4 42. Rc1 Rf2+ 43. Kh3 c5 44. Ne4 Rf5 45. Rc4
Re5 46. Nd6 Kf8 47. Kg4 g6 48. Nb7 Ke7 49. Na5 Kd6 50. Rc2 Kd5 51. Nc4 Re4+ 52.
Kh3 Bf6 53. Nb6+ Kc6 54. a5 Bxh4 55. Nc4 Be1 56. Kg2 Bb4 57. Kf3 Rh4 58. Kg3 g5
59. Kf3 h5 60. Ke3 Rh3+ 61. Ke4 g4 62. Ne5+ Kb5 63. Kd5 Rh1 64. Nd3 Rd1 65. Ke4
Rd2 66. Rc1 c4 67. Nf4 c3 68. Nd5 Kc4 69. Ne3+ Kb3 70. Rb1+ Rb2 71. Rh1 c2 72.
Nxc2 Rxc2 73. Rxh5 g3 74. Rh3 Rc3 0-1

[Event "Benidorm 2010 - Nuevas Generaciones s16"]
[Site "Benidorm ESP"]
[Date "2010.12.08"]
[Round "7.4"]
[White "Rivas Perez, Jorge"]
[Black "Donado-Mazarron Gomez, Miguel"]
[Result "0-1"]
[WhiteElo "1717"]
[BlackElo "1893"]
[PlyCount "66"]
[EventDate "2010.12.04"]
[EventType "swiss"]
[EventRounds "7"]
[EventCountry "ESP"]
[Source "lmi"]
[SourceDate "2010.12.04"]

1. e4 c5 2. Nc3 d6 3. g3 Nc6 4. Bg2 g6 5. h3 Bg7 6. f4 e6 7. Nf3 Nge7 8. O-O
O-O 9. d3 b6 10. g4 f5 11. Ne2 Bb7 12. Qe1 Nb4 13. Ng5 Qd7 14. Qd1 h6 15. a3
Na6 16. Nf3 fxe4 17. dxe4 Bxe4 18. Ng3 Bc6 19. Qd3 c4 20. Qe2 c3 21. b4 Bb5 22.
Qf2 Bxf1 23. Bxf1 Nc7 24. Bc4 d5 25. Bb3 Kh7 26. Be3 Nc6 27. Ne2 e5 28. Rd1 d4
29. Qg3 Nd5 30. Bxd5 Qxd5 31. Bf2 exf4 32. Nxf4 Qe4 33. Rd3 Rxf4 0-1

[Event "Benidorm 2010 - Nuevas Generaciones s16"]
[Site "Benidorm ESP"]
[Date "2010.12.08"]
[Round "7.5"]
[White "Suarez Uriel, Adrian"]
[Black "Segura Santos, Luis"]
[Result "1/2-1/2"]
[WhiteElo "2215"]
[BlackElo "1830"]
[PlyCount "80"]
[EventDate "2010.12.04"]
[EventType "swiss"]
[EventRounds "7"]
[EventCountry "ESP"]
[Source "lmi"]
[SourceDate "2010.12.04"]

1. e4 c5 2. Ne2 Nc6 3. Nbc3 e6 4. d4 cxd4 5. Nxd4 Nf6 6. Ndb5 Bb4 7. a3 Bxc3+
8. Nxc3 d5 9. exd5 exd5 10. Bd3 O-O 11. O-O d4 12. Ne2 Bg4 13. Bf4 Nd5 14. Bg3
Qf6 15. Qd2 Rfe8 16. Rfe1 Re7 17. Nf4 Nxf4 18. Qxf4 Qxf4 19. Bxf4 Rae8 20. Rxe7
Rxe7 21. Kf1 Be6 22. Re1 Bd5 23. Rxe7 Nxe7 24. f3 f6 25. Ke2 Nc6 26. h4 g6 27.
b4 Kf7 28. h5 Ne5 29. Bxe5 fxe5 30. hxg6+ hxg6 31. g3 g5 32. a4 Ke7 33. Be4
Bxe4 34. fxe4 g4 35. Kd3 Kd6 36. a5 b5 37. axb6 axb6 38. c3 dxc3 39. Kxc3 Kc6
40. Kb3 b5 1/2-1/2

[Event "Benidorm 2010 - Nuevas Generaciones s16"]
[Site "Benidorm ESP"]
[Date "2010.12.08"]
[Round "7.6"]
[White "Perez Cabas, Jose"]
[Black "Suarez Garcia, Carlos"]
[Result "0-1"]
[WhiteElo "1885"]
[BlackElo "2195"]
[PlyCount "148"]
[EventDate "2010.12.04"]
[EventType "swiss"]
[EventRounds "7"]
[EventCountry "ESP"]
[Source "lmi"]
[SourceDate "2010.12.04"]

1. e4 c5 2. Nf3 e6 3. d4 cxd4 4. Nxd4 Nc6 5. Nc3 Qc7 6. Be3 a6 7. Bd3 Nf6 8.
O-O Ne5 9. h3 Bc5 10. f4 Nc6 11. e5 Nxe5 12. fxe5 Qxe5 13. Kh1 Bxd4 14. Bf4 Qa5
15. Bd2 Qc7 16. Qf3 d5 17. Rae1 O-O 18. Bf4 Qd8 19. Be5 Bxe5 20. Rxe5 Nd7 21.
Qh5 f5 22. Rxe6 Nf6 23. Qxf5 Bxe6 24. Qxe6+ Kh8 25. Qf5 Ne4 26. Qe5 Rxf1+ 27.
Bxf1 Nxc3 28. Qxc3 Qf6 29. Qxf6 gxf6 30. Bd3 Kg7 31. Kg1 h6 32. Kf2 Kf7 33. Kf3
Ke6 34. Kf4 b5 35. g4 Ra7 36. a3 Rc7 37. Bf5+ Ke7 38. b3 Rc6 39. Kg3 Rc5 40.
Bd3 d4 41. Kf4 Re5 42. Be4 a5 43. h4 Kd6 44. Bd3 a4 45. b4 Ke6 46. Be4 h5 47.
g5 fxg5+ 48. hxg5 h4 49. Bd3 h3 50. Kg3 Rxg5+ 51. Kxh3 Kd6 52. Kh4 Rg2 53. Kh3
Rg5 54. Kh4 Re5 55. Kg3 Kc6 56. Kf2 Kb6 57. Kf1 Re7 58. Kf2 Re6 59. Kf3 Re1 60.
Kf4 Ra1 61. Ke5 Rxa3 62. Kxd4 Ra1 63. Kc3 Rb1 64. Bh7 Kc6 65. Be4+ Kd6 66. Bg6
Ke5 67. Bh7 Kf4 68. Bg6 Ke3 69. Bf7 Kf2 70. Be6 a3 71. Ba2 Rb2 72. Be6 Rb1 73.
Bg4 Rxb4 74. Be6 Rb1 0-1

[Event "Benidorm 2010 - Nuevas Generaciones s16"]
[Site "Benidorm ESP"]
[Date "2010.12.08"]
[Round "7.7"]
[White "Villasenor Rubio, Emilio Jose"]
[Black "Vilanova Olmedo, Ignaci"]
[Result "1-0"]
[WhiteElo "2168"]
[BlackElo "1684"]
[PlyCount "73"]
[EventDate "2010.12.04"]
[EventType "swiss"]
[EventRounds "7"]
[EventCountry "ESP"]
[Source "lmi"]
[SourceDate "2010.12.04"]

1. e4 c6 2. d4 d5 3. e5 Bf5 4. Nc3 e6 5. g4 Bg6 6. Nge2 c5 7. h4 h5 8. Nf4 Bh7
9. g5 Bf5 10. g6 Bxg6 11. Nxg6 fxg6 12. Bd3 cxd4 13. Nb5 Nc6 14. Bg5 Qa5+ 15.
Bd2 Qb6 16. Qe2 O-O-O 17. a4 a6 18. a5 Qc5 19. Na3 Nge7 20. Rg1 Nb4 21. Rc1
Nec6 22. Bxg6 Na2 23. Ra1 Nab4 24. c3 d3 25. cxb4 Qd4 26. Bxd3 Nxe5 27. Rg3
Bxb4 28. Bxb4 Qxb4+ 29. Kf1 Nxd3 30. Rxd3 Rhe8 31. Qe5 Kd7 32. Rg3 Qxh4 33. Rc1
Qh1+ 34. Rg1 Qh3+ 35. Ke2 Re7 36. Rc7+ Ke8 37. Rxe7+ 1-0

[Event "Benidorm 2010 - Nuevas Generaciones s16"]
[Site "Benidorm ESP"]
[Date "2010.12.08"]
[Round "7.8"]
[White "Orantes Taboada, Manuel"]
[Black "Remolar Gallen, Jose"]
[Result "1-0"]
[WhiteElo "1807"]
[BlackElo "2040"]
[PlyCount "43"]
[EventDate "2010.12.04"]
[EventType "swiss"]
[EventRounds "7"]
[EventCountry "ESP"]
[Source "lmi"]
[SourceDate "2010.12.04"]

1. e4 g6 2. d4 c6 3. Nc3 d5 4. Nf3 Bg7 5. h3 Nf6 6. e5 Ne4 7. Be3 Nxc3 8. bxc3
f6 9. exf6 exf6 10. c4 O-O 11. cxd5 cxd5 12. Bd3 Nc6 13. c3 Be6 14. O-O Rc8 15.
Qd2 Na5 16. Rab1 Rf7 17. Rfc1 Bf8 18. Qe1 Qd7 19. Bb5 Qd6 20. Bf4 Qxf4 21. Qxe6
Qd6 22. Qxc8 1-0

[Event "Benidorm 2010 - Nuevas Generaciones s16"]
[Site "Benidorm ESP"]
[Date "2010.12.08"]
[Round "7.9"]
[White "Buch Prades, Joan"]
[Black "Pinsach Gelabert, Alexandre"]
[Result "1-0"]
[WhiteElo "1969"]
[BlackElo "1778"]
[PlyCount "133"]
[EventDate "2010.12.04"]
[EventType "swiss"]
[EventRounds "7"]
[EventCountry "ESP"]
[Source "lmi"]
[SourceDate "2010.12.04"]

1. d4 d5 2. c4 e6 3. Nc3 c5 4. cxd5 exd5 5. Nf3 Nc6 6. dxc5 d4 7. Na4 Bxc5 8.
Nxc5 Qa5+ 9. Qd2 Qxc5 10. e3 dxe3 11. Qxe3+ Qxe3+ 12. Bxe3 Nge7 13. Bc4 O-O 14.
O-O Bg4 15. Bc5 Bxf3 16. gxf3 Rfd8 17. Rfd1 Nf5 18. Rd5 Nfd4 19. Bxd4 Nxd4 20.
Rd1 Nc6 21. Bb5 Rdc8 22. Rd7 Rab8 23. Bxc6 bxc6 24. Rxa7 Rxb2 25. Rdd7 Rf8 26.
a4 Rbb8 27. Rdc7 g6 28. Rxc6 Ra8 29. Rcc7 Rxa7 30. Rxa7 Rb8 31. a5 Rb1+ 32. Kg2
Ra1 33. Ra8+ Kg7 34. a6 Ra4 35. Kg3 Kf6 36. a7 Kg7 37. f4 Ra3+ 38. f3 Ra2 39.
h4 Kf6 40. Kh3 Kg7 41. f5 gxf5 42. Kg3 Ra4 43. f4 Ra3+ 44. Kf2 f6 45. Ke2 Ra2+
46. Kd3 Ra3+ 47. Kd4 Ra4+ 48. Kd5 Ra1 49. Ke6 Ra5 50. Kd6 Ra1 51. Kc6 Rc1+ 52.
Kd7 Ra1 53. Ke6 Ra5 54. h5 h6 55. Re8 Rxa7 56. Re7+ Rxe7+ 57. Kxe7 Kg8 58. Kxf6
Kf8 59. Kg6 Ke7 60. Kxh6 Kf6 61. Kh7 Kf7 62. h6 Kf8 63. Kg6 Kg8 64. Kxf5 Kh7
65. Ke6 Kxh6 66. f5 Kg7 67. Ke7 1-0

[Event "Benidorm 2010 - Nuevas Generaciones s16"]
[Site "Benidorm ESP"]
[Date "2010.12.08"]
[Round "7.10"]
[White "Escudero Manzano, Alejandro"]
[Black "Gonzalez Miralles, Alvaro"]
[Result "1-0"]
[WhiteElo "2151"]
[BlackElo "1811"]
[PlyCount "117"]
[EventDate "2010.12.04"]
[EventType "swiss"]
[EventRounds "7"]
[EventCountry "ESP"]
[Source "lmi"]
[SourceDate "2010.12.04"]

1. e4 c5 2. Nf3 e6 3. c3 Nf6 4. e5 Nd5 5. d4 cxd4 6. cxd4 d6 7. Bc4 Nb6 8. Bb5+
Bd7 9. Bxd7+ Qxd7 10. O-O Be7 11. Nc3 O-O 12. Bf4 Nc6 13. Qe2 Rfd8 14. Rfd1
dxe5 15. dxe5 Qe8 16. Ng5 a6 17. Qe4 Bxg5 18. Bxg5 Rxd1+ 19. Rxd1 Nd7 20. f4
Rb8 21. Qd3 Nf8 22. Ne4 Na7 23. Qe3 Nb5 24. h4 Nc7 25. h5 Nd5 26. Qf3 Qa4 27.
a3 Qb5 28. Rd2 Qb6+ 29. Rf2 Qe3 30. Qxe3 Nxe3 31. h6 Nd5 32. Rc2 Ng6 33. g3
Nge7 34. Bxe7 Nxe7 35. Rc7 Nd5 36. Rd7 Nb6 37. Rd4 gxh6 38. Nd6 Nc8 39. Ne4 Nb6
40. Nd6 Nc8 41. Nc4 Na7 42. Rd7 Nc6 43. Nd6 Nd8 44. Kf2 Kg7 45. Kf3 Kg6 46. g4
b5 47. Ke4 b4 48. a4 b3 49. f5+ Kg7 50. fxe6 Nxe6 51. Rxf7+ Kg8 52. Kf5 Ng5 53.
Rf6 Rb4 54. Rxh6 Nf3 55. Rh3 Nd4+ 56. Kf6 Rxa4 57. Rc3 h6 58. Rc8+ Kh7 59. Nf7
1-0